Statistiques concernant Les villes d'Île de France avec plus de 20 000 habitants

Cliquez ici pour prendre le quiz!

Statistiques générales

  • Ce quiz a été pris 3 373 fois
    (2 151 depuis la dernière actualisation)
  • Le résultat moyen est 63 sur 171

Statistiques - réponses

PopulationDépartementVille% Correct
2 175 601ParisParis
99%
112 904Seine-Saint-DenisSaint-Denis
93%
96 807Hauts-de-SeineNanterre
84%
121 334Hauts-de-SeineBoulogne-Billancourt
83%
85 205YvelinesVersailles
83%
92 265Val-de-MarneCréteil
81%
67 191EssonneEvry-Courcouronnes
80%
110 213Val-d'OiseArgenteuil
77%
66 322Val-d'OiseCergy
74%
63 309Val-de-MarneIvry-sur-Seine
72%
109 914Seine-Saint-DenisMontreuil
72%
54 272Seine-Saint-DenisBobigny
70%
87 572Seine-Saint-DenisAubervilliers
69%
39 947Seine-et-MarneMelun
68%
58 811Val-d'OiseSarcelles
66%
62 485Hauts-de-SeineClichy
63%
86 278Seine-Saint-DenisAulnay-sous-Bois
61%
62 858Hauts-de-SeineAntony
60%
85 946Hauts-de-SeineAsnières-sur-Seine
60%
68 260Hauts-de-SeineIssy-les-Moulineaux
60%
55 416Seine-et-MarneMeaux
60%
59 940Hauts-de-SeineNeuilly-sur-Seine
60%
31 442Val-d'OisePontoise
60%
86 052Hauts-de-SeineColombes
59%
24 385Val-d'OiseSaint-Ouen-l'Aumône
59%
50 670Seine-Saint-DenisSaint-Ouen-sur-Seine
59%
65 817Hauts-de-SeineLevallois-Perret
58%
44 227YvelinesMantes-la-Jolie
57%
82 198Hauts-de-SeineCourbevoie
56%
23 853Val-de-MarneOrly
56%
51 225Seine-Saint-DenisSevran
56%
72 169Seine-Saint-DenisDrancy
55%
49 635Val-de-MarneVincennes
55%
59 060Seine-Saint-DenisPantin
54%
94 649Val-de-MarneVitry-sur-Seine
54%
50 954EssonneCorbeil-Essonnes
53%
77 039Val-de-MarneChampigny-sur-Marne
52%
48 734Hauts-de-SeineMontrouge
52%
44 837Hauts-de-SeinePuteaux
52%
50 632EssonneMassy
51%
77 986Hauts-de-SeineRueil-Malmaison
51%
54 055Seine-Saint-DenisBondy
50%
68 120Seine-Saint-DenisNoisy-le-Grand
50%
75 286Val-de-MarneSaint-Maur-des-Fossés
50%
54 964Val-de-MarneVillejuif
50%
43 946Seine-Saint-DenisLa Courneuve
49%
44 750YvelinesSaint-Germain-en-Laye
49%
52 926Hauts-de-SeineClamart
47%
25 342Hauts-de-SeineFontenay-aux-Roses
45%
52 256Val-de-MarneFontenay-sous-bois
45%
47 702Hauts-de-SeineGennevilliers
45%
44 223Seine-Saint-DenisNoisy le Sec
44%
22 836Seine-et-MarneRoissy-en-Brie
44%
35 590EssonnePalaiseau
42%
38 313YvelinesPoissy
42%
30 038Hauts-de-SeineSaint-Cloud
42%
32 120YvelinesTrappes
42%
40 812Hauts-de-SeineBagneux
41%
46 043Seine-Saint-DenisRosny-sous-Bois
41%
22 361Seine-et-MarneTorcy
41%
35 442Seine-Saint-DenisBagnolet
40%
54 771Seine-Saint-DenisÉpinay-sur-Seine
40%
28 265EssonneGrigny
40%
30 711Hauts-de-SeineMalakoff
40%
45 748Hauts-de-SeineMeudon
40%
44 230Val-de-MarneAlfortville
39%
55 148Seine-et-MarneChelles
39%
25 287EssonneÉtampes
39%
57 150Seine-Saint-DenisLe-Blanc-Mesnil
39%
42 956Val-d'OiseGarges-lès-Gonesse
38%
32 922Val-de-MarneNogent-sur-Marne
37%
26 933YvelinesRambouillet
37%
52 269YvelinesSartrouville
37%
48 763Hauts-de-SeineSuresnes
37%
28 468Hauts-de-SeineBois-Colombes
36%
23 402Seine-Saint-DenisLes-Lilas
36%
35 680Seine-Saint-DenisNeuilly-sur-Marne
36%
37 280Seine-Saint-DenisVillepinte
36%
55 899Val-de-MarneMaisons-Alfort
35%
38 666Seine-Saint-DenisStains
35%
27 466Hauts-de-SeineVanves
35%
23 251Hauts-de-SeineSèvres
34%
21 721Val-de-MarneArcueil
33%
30 888Val-de-MarneCachan
33%
30 053Val-de-MarneCharenton-le-Pont
33%
46 154Val-de-MarneChoisy-le-Roi
33%
36 230Seine-Saint-DenisTremblay-en-France
33%
20 769Hauts-de-SeineBourg-la-Reine
32%
37 010Hauts-de-SeineChâtillon
31%
29 430Hauts-de-SeineLa-Garenne-Colombes
31%
27 201Seine-Saint-DenisMontfermeil
31%
26 019Val-d'OiseGonesse
30%
32 449YvelinesHouilles
30%
34 607Val-de-MarneVilleneuve-Saint-Georges
30%
28 230Val-de-MarneFresnes
29%
31 417Val-de-MarneL'Haÿ-les-Roses
29%
32 575YvelinesMontigny-le-Bretonneux
29%
21 638Val-d'OiseMontigny-lès-Cormeilles
29%
31 013YvelinesPlaisir
29%
36 734EssonneSavigny-sur-Orge
29%
24 023Hauts-de-SeineVilleneuve-la-Garenne
29%
39 618Seine-Saint-DenisGagny
28%
32 949YvelinesLes Mureaux
28%
26 974Val-de-MarneSucy-en-Brie
28%
22 649YvelinesVélizy-Villacoublay
28%
28 992Seine-Saint-DenisClichy-sous-Bois
27%
35 656YvelinesConflans-Sainte-Honorine
27%
45 012Seine-Saint-DenisLivry-Gargan
27%
20 915Seine-Saint-DenisNeuilly-Plaisance
27%
37 667Seine-et-MarnePontault-Combault
27%
28 536Seine-Saint-DenisRomainville
27%
22 248Val-de-MarneSaint-Mandé
27%
29 806Val-de-MarneThiais
27%
26 878EssonneBrétigny-sur-Orge
25%
24 850Val-de-MarneLe Kremlin Bicêtre
25%
24 764EssonneLes Ulis
25%
34 170Hauts-de-SeineChâtenay-Malabry
24%
30 286Seine-Saint-DenisPierrefitte-sur-Seine
24%
30 330YvelinesChatou
23%
37 010Val-d'OiseFranconville
23%
30 642Val-d'OiseGoussainville
23%
29 665Hauts-de-SeineLe Plessis-Robinson
23%
20 025Val-de-MarneLe Plessis-Trévise
23%
29 589EssonneRis-Orangis
23%
28 041Val-d'OiseVilliers-le-Bel
23%
30 706EssonneViry-Châtillon
23%
35 101EssonneAthis-Mons
22%
20 702Hauts-de-SeineChaville
22%
25 139Val-d'OiseEaubonne
22%
29 079Val-d'OiseErmont
22%
30 005Seine-Saint-DenisVillemomble
22%
29 338EssonneYerres
22%
30 484Val-d'OiseBezons
20%
25 610Seine-et-MarneChamps-sur-Marne
20%
30 095Val-d'OiseHerblay-sur-Seine
20%
20 964EssonneLongjumeau
20%
28 592Val-de-MarneVilliers-sur-Marne
20%
26 806Seine-et-MarneBussy-Saint-Georges
19%
33 793Val-de-MarneLe-Perreux-sur-Marne
19%
21 647Val-d'OiseMontmorency
19%
36 015EssonneSainte-Geneviève-des-Bois
19%
21 098YvelinesAchères
18%
20 353Seine-et-MarneMitry-Mory
18%
26 471Seine-et-MarneVilleparisis
18%
28 741EssonneDraveil
17%
25 575YvelinesÉlancourt
17%
21 354Seine-et-Marne Lagny-sur-Marne
17%
26 576Val-d'OiseTaverny
17%
29 332YvelinesGuyancourt
16%
26 484Val-d'OiseSannois
16%
21 214Val-de-MarneVilleneuve-le-Roi
16%
22 165Val-d'OiseDeuil-la-Barre
15%
21 308EssonneGif-sur-Yvette
15%
23 775EssonneMontgeron
15%
25 354EssonneBrunoy
14%
24 681Val-d'OiseCormeilles-en-Parisis
14%
20 830YvelinesLa Celle-Saint-Cloud
14%
31 306YvelinesLe Chesnay-Rocquencourt
14%
23 960Seine-Saint-DenisLes Pavillons-sous-Bois
14%
20 893Val-d'OiseSaint-Gratien
14%
31 463EssonneVigneux-sur-Seine
14%
21 071Seine-et-MarneLe Mée-sur-Seine
13%
27 684Val-de-MarneLimeil-Brévannes
13%
21 811Seine-et-MarneCombs-la-Ville
12%
22 177Seine-et-MarneDammarie-les-Lys
12%
23 611YvelinesMaisons-Lafitte
11%
20 191Seine-et-MarneOzoir-la-Ferrière
11%
20 499YvelinesMantes-la-Ville
10%
29 792Seine-et-MarneSavigny-le-Temple
10%
21 149EssonneMorsang-sur-Orge
9%
20 619EssonnesMorsang-sur-Orge
9%

Distribution des résultats

Percentile par nombre de réponses

% des personnes avec chaque résultat

Votre développement - résultats

Vous n’avez pas pris ce quiz depuis la dernière actualisation